|
|
|
|
| LEADER |
01061cam a2200229 7i4500 |
| 001 |
0000054654 |
| 005 |
20200925090000.0 |
| 020 |
|
|
|a 9783319760292 (electronic book)
|
| 090 |
0 |
0 |
|a TK5102.9
|b .T49 2019
|
| 100 |
1 |
|
|a Thyagarajan, K. S
|
| 245 |
1 |
0 |
|a Introduction to digital signal processing using MATLAB with application to digital communications
|c K.S. Thyagarajan.
|
| 264 |
|
1 |
|a Cham, Switzerland:
|b Springer,
|c 2019.
|
| 300 |
|
|
|a 1 online resource (505 pages):
|b illustrations, text file, PDF.
|
| 336 |
|
|
|a text
|2 rdacontent
|
| 337 |
|
|
|a computer
|2 rdamedia
|
| 338 |
|
|
|a online resource
|2 rdacarrier
|
| 650 |
|
0 |
|a Signal processing --
|x Digital techniques
|
| 655 |
|
0 |
|a Electronic books
|
| 856 |
4 |
2 |
|u http://library.unisel.edu.my/equip-unisel/custom/ebook_catalog/ebook/IntroductiontoDigitalSignalProcessingusingMatLabwithApplicationtoDigitalCommunicationscompressed.pdf
|
| 997 |
|
|
|a Engineering & Life Sciences, Faculty
|b Engineering, Department
|
| 998 |
|
|
|a Electrical & Electronic Engineering, Diploma
|
| 999 |
|
|
|a EBO0001182
|b EBOOK
|c EBOOK
|e Electronic resources
|